Vera. Set 5 /

With her caustic wit and singular charm, DCI Vera Stanhope and her trusted right-hand man DS Joe Ashworth face a series of captivating murder mysteries set against the breathtaking Northumberland landscape.

Bibliographic Details
Uniform Title:Vera (Television program).
Other Authors: Blethyn, Brenda, 1946- (Actor), Doughty, Kenny, 1975- (Actor), Morrison, Jon (Actor), Jumbo, Cush (Actor), Ben-Adir, Kingsley (Actor), Hillier, Margaret (Screenwriter), Laker, Glen (Screenwriter), Cleeves, Ann
Format: Video DVD
Language:English
Language Notes:Closed-captioned; English subtitles for the deaf and hard of hearing.
Published: Silver Spring, MD : Acorn : Distributed exclusively by RLJ Entertainment, [2015]
Subjects:

MARC

Tag First Indicator Second Indicator Subfields
LEADER 00000cgm a2200000Ii 4500
001 in00003775821
005 20170927134810.0
007 vd cvaizs
008 150818s2015 mdu371 e vleng d
019 |a 932073719 
020 |a 9781621724131 
020 |a 1621724131 
024 1 |a 054961241392 
028 4 2 |a AMP-2413  |b Acorn/RLJ Entertainment 
035 |a (OCoLC)ocn918907640 
035 |a (OCoLC)918907640  |z (OCoLC)932073719 
037 |b Midwest Tape  |n http://www.midwesttapes.com 
040 |a TEFMT  |b eng  |e rda  |c TEFMT  |d OCLCO  |d TEF  |d IK2  |d UOK  |d IEP  |d RBP  |d UtOrBLW 
041 0 |a eng  |j eng 
043 |a e-uk-en 
049 |a TXAM 
050 4 |a PN1992.77  |b .V47 2015 
082 0 4 |a 791.45/75  |2 23 
090 |a PN1992.77.V465  |b V475 2015 
130 0 |a Vera (Television program).  |n Season 5. 
245 1 0 |a Vera.  |n Set 5 /  |c ITV Studios ; ITV Studios Global Entertainment ; produced by Margaret Mitchell. 
246 1 |a Vera.  |n Season 5 
264 1 |a Silver Spring, MD :  |b Acorn :  |b Distributed exclusively by RLJ Entertainment,  |c [2015] 
300 |a 4 videodiscs (approximately 371 min.) :  |b sound, color ;  |c 4 3/4 in. 
336 |a two-dimensional moving image  |b tdi  |2 rdacontent 
337 |a video  |b v  |2 rdamedia 
338 |a videodisc  |b vd  |2 rdacarrier 
344 |a digital  |b optical  |g stereo  |h Dolby Digital  |2 rda 
347 |a video file  |b DVD video  |2 rda 
380 |a Television program. 
538 |a DVD, 16:9 widescreen; Dolby Digital stereo. 
546 |a Closed-captioned; English subtitles for the deaf and hard of hearing. 
500 |a Title from container. 
511 1 |a Brenda Blethyn, Kenny Doughty, Jon Morrison, Cush Jumbo, Kingsley Ben-Adir. 
508 |a Composer, Ben Bartlett. 
500 |a Originally broadcast as episodes of the television program in 2015. 
500 |a Based on the novels by Ann Cleeves.--Container 
521 8 |a Not rated; "Contains disturbing images"--Container. 
520 |a With her caustic wit and singular charm, DCI Vera Stanhope and her trusted right-hand man DS Joe Ashworth face a series of captivating murder mysteries set against the breathtaking Northumberland landscape. 
505 0 0 |g Disc 1.  |t Changing tides /  |r written by Martha Hillier ; directed by Marek Losey --  |g Disc 2.  |t Old wounds /  |r written by Martha Hillier ; based on a story by Gary Young ; directed by Daikin Marsh --  |g Disc 3.  |t Muddy waters /  |r written by Glen Laker ; directed by Stewart Svaasand --  |g Disc 4.  |t Shadows in the sky /  |r written by Martha Hillier ; directed by Will Sinclair. 
600 1 0 |a Stanhope, Vera  |v Drama. 
650 0 |a Women detectives  |z England  |z Northumberland  |v Drama. 
650 0 |a Policewomen  |z England  |z Northumberland  |v Drama. 
650 0 |a Criminal investigation  |z England  |z Northumberland  |v Drama. 
651 0 |a Northumberland (England)  |v Drama. 
655 7 |a Detective and mystery television programs.  |2 lcgft  |0 http://id.loc.gov/authorities/genreForms/gf2011026197 
655 7 |a Television crime shows.  |2 lcgft  |0 http://id.loc.gov/authorities/genreForms/gf2011026658 
655 7 |a Television adaptations.  |2 lcgft  |0 http://id.loc.gov/authorities/genreForms/gf2011026653 
655 7 |a Television series.  |2 lcgft  |0 http://id.loc.gov/authorities/genreForms/gf2011026680 
655 7 |a Fiction television programs.  |2 lcgft  |0 http://id.loc.gov/authorities/genreForms/gf2011026252 
655 7 |a Video recordings for the hearing impaired.  |2 lcgft  |0 http://id.loc.gov/authorities/genreForms/gf2011026725 
700 1 |a Blethyn, Brenda,  |d 1946-  |e actor.  |0 http://id.loc.gov/authorities/names/no97050260 
700 1 |a Doughty, Kenny,  |d 1975-  |e actor.  |0 http://id.loc.gov/authorities/names/no2010093433 
700 1 |a Morrison, Jon,  |e actor. 
700 1 |a Jumbo, Cush,  |e actor.  |0 http://id.loc.gov/authorities/names/nb2011014984 
700 1 |a Ben-Adir, Kingsley,  |e actor. 
700 1 |a Mitchell, Margaret,  |e television producer.  |0 http://id.loc.gov/authorities/names/n88644338 
700 1 |a Losey, Marek,  |d 1971-  |e television director.  |0 http://id.loc.gov/authorities/names/no2014035974 
700 1 |a Hillier, Margaret,  |e screenwriter. 
700 1 |a Marsh, Daikin,  |e television director. 
700 1 |a Laker, Glen,  |e screenwriter. 
700 1 |a Svaasand, Stewart,  |e television director. 
700 1 |a Sinclair, Will,  |e television director. 
700 1 |i Television adaptation of (work):  |a Cleeves, Ann.  |t Vera Stanhope series.  |0 http://id.loc.gov/authorities/names/no2011114341 
710 2 |a ITV Studios,  |e production company.  |0 http://id.loc.gov/authorities/names/no2009179863 
710 2 |a ITV Global Entertainment,  |e distributor.  |0 http://id.loc.gov/authorities/names/no2009179861 
710 2 |a Acorn Media (Firm),  |e distributor.  |0 http://id.loc.gov/authorities/names/nr96021942 
710 2 |a RLJ Entertainment,  |e distributor.  |0 http://id.loc.gov/authorities/names/no2013102248 
994 |a C0  |b TXA 
948 |a cataloged  |b h  |c 2016/5/2  |d c  |e blrosas  |f 3:05:55 pm 
999 f f |s 8ae25806-003c-3b23-8a96-32b3ae072252  |i a68b9c1f-95ec-3422-816b-cc3b3593b9f4  |t 0 
952 f f |p dvd  |a Texas A&M University  |b College Station  |c Sterling C. Evans Library  |d Evans: Media and Reserves (Annex 1st floor)  |t 0  |e PN1992.77.V465 V475 2015  |h Library of Congress classification  |i video -- videodisc  |m A14843560971 
998 f f |a PN1992.77.V465 V475 2015  |t 0  |l Evans: Media and Reserves (Annex 1st floor)